Thou shalt not steal (Record no. 80222)

MARC details
000 -LEADER
fixed length control field 01428cab a22002775a 4500
001 - CONTROL NUMBER
control field L143570
008 - FIXED-LENGTH DATA ELEMENTS--GENERAL INFORMATION
fixed length control field 080520e20080517xxk f 000 0 eng d
035 ## - SYSTEM CONTROL NUMBER
System control number (Sirsi) u143570
041 0# - LANGUAGE CODE
Language code of text/sound track or separate title eng
100 1# - MAIN ENTRY--PERSONAL NAME
Personal name Hartley, Simon
245 00 - TITLE STATEMENT
Title Thou shalt not steal
260 ## - PUBLICATION, DISTRIBUTION, ETC.
Date of publication, distribution, etc. 2008
490 ## - SERIES STATEMENT
Series statement Estates Gazette
Volume/sequential designation (0819) 17 May 2008, 196-198(3)
520 ## - SUMMARY, ETC.
Summary, etc. Warns that instances of fraud relating to property are increasing. Concentrates on the practice of falsely registering land. If fraudulently registered land is sold, the actual sale cannot be challenged under the Land Registration Act 2002 since only the registration was fraudulent. Rectification of such deals cannot be made retrospectively to remove the third party's rights. Therefore such deals are not necessarily void, but are considered voidable. Owners of residential properties will find this process easier than owners of vacant commercial properties. Solution is generally found in the establishment of a clear title.
590 ## - LOCAL NOTE (RLIN)
Local note KA
650 24 - SUBJECT ADDED ENTRY--TOPICAL TERM
Topical term or geographic name entry element LAND REGISTRATION ACT 1925
650 24 - SUBJECT ADDED ENTRY--TOPICAL TERM
Topical term or geographic name entry element LAND REGISTRATION ACT 2002
650 24 - SUBJECT ADDED ENTRY--TOPICAL TERM
Topical term or geographic name entry element NORWICH AND PETERBOROUGH BUILDING SOCIETY V STEED
650 24 - SUBJECT ADDED ENTRY--TOPICAL TERM
Topical term or geographic name entry element BARCLAYS BANK PLC V GUY
650 24 - SUBJECT ADDED ENTRY--TOPICAL TERM
Topical term or geographic name entry element PINTO V LIM
650 24 - SUBJECT ADDED ENTRY--TOPICAL TERM
Topical term or geographic name entry element MALORY ENTERPRISES LTD V CHESHIRE HOMES (UK) LTD
651 #4 - SUBJECT ADDED ENTRY--GEOGRAPHIC NAME
Geographic name United Kingdom
Chronological subdivision
690 ## - LOCAL SUBJECT ADDED ENTRY--TOPICAL TERM (OCLC, RLIN)
Topical term or geographic name as entry element PROPERTY-ACQUISITION AND DISPOSAL OF PROPERTY
700 1# - ADDED ENTRY--PERSONAL NAME
Personal name Bradford, Katie
942 ## - ADDED ENTRY ELEMENTS (KOHA)
Suppress in OPAC 0
Holdings
Withdrawn status Lost status Source of classification or shelving scheme Damaged status Not for loan Home library Current library Shelving location Date acquired Total Checkouts Full call number Barcode Date last seen Copy number Price effective from Koha item type
    Dewey Decimal Classification     London London Journal article 20/05/2008   L143570 143570-1001 06/08/2019 1 06/08/2019 Journal article